Искусство Святослава Рихтера (Запись № 13286102)

Подробности
000 -МАРКЕР
контрольное поле 05993njm0a2200481 4500
001 - ИДЕНТИФИКАТОР ЗАПИСИ
контрольное поле RU\NLR\ONIZ\285147
005 - ИДЕНТИФИКАТОР ВЕРСИИ
контрольное поле 20250708194447.0
035 ## - ДРУГИЕ СИСТЕМНЫЕ НОМЕРА
Идентификатор записи (NLR Aleph) 022410037
071 01 - ИЗДАТЕЛЬСКИЙ НОМЕР
Номер, присвоенный агентством Д-011753-6
100 ## - ДАННЫЕ ОБЩЕЙ ОБРАБОТКИ
Данные общей обработки 20220731f19681973|||y0rusy50 ca
102 ## - СТРАНА ПУБЛИКАЦИИ ИЛИ ПРОИЗВОДСТВА
Страна публикации Российская Федерация
126 ## - ПОЛЕ КОДИРОВАННЫХ ДАННЫХ: ЗВУКОЗАПИСИ - ФИЗИЧЕСКИЕ ХАРАКТЕРИСТИКИ
Кодированные данные звукозаписи (общие) abaxexu ux
Кодированные данные звукозаписи (уточнения) xxx
127 ## - ПОЛЕ КОДИРОВАННЫХ ДАННЫХ: ПРОДОЛЖИТЕЛЬНОСТЬ ЗВУКОЗАПИСЕЙ И НОТНЫХ ИЗДАНИЙ (МУЗЫКАЛЬНОЕ ИСПОЛНЕНИЕ)
Продолжительность 012500
145 0# - ПОЛЕ КОДИРОВАННЫХ ДАННЫХ: СРЕДСТВО ИСПОЛНЕНИЯ МУЗЫКАЛЬНОГО ПРОИЗВЕДЕНИЯ (УСТАРЕВШЕЕ)
Тип средства исполнения b
200 1# - ЗАГЛАВИЕ И СВЕДЕНИЯ ОБ ОТВЕТСТВЕННОСТИ
Основное заглавие Искусство Святослава Рихтера
Первые сведения об ответственности исполняет: Святослав Рихтер, фортепиано
203 ## - ВИД СОДЕРЖАНИЯ И ТИП СРЕДСТВА
Вид содержания Музыка
Дополнительные сведения об издании
Тип средства аудио
210 ## - ПУБЛИКАЦИЯ, РАСПРОСТРАНЕНИЕ И ДР.
Место издания, распространения и т.д. Москва
Имя издателя, распространителя и т. д. Мелодия
Дата издания, распространения и т.д. [19--]
Место изготовления Ленинград
Имя изготовителя Завод грампластинок
215 ## - ФИЗИЧЕСКАЯ ХАРАКТЕРИСТИКА
Специфическое обозначение материала и объем 2 грп. [ГОСТ 5289-68] (85 мин) : 33 об/мин, моно
Размеры 30 см, в кор.
300 ## - ОБЩИЕ ПРИМЕЧАНИЯ
Текст примечания Запись концерта во Дворце Шайо, Париж 1961 г. (1-3)
300 ## - ОБЩИЕ ПРИМЕЧАНИЯ
Текст примечания Коммент. в кор.
300 ## - ОБЩИЕ ПРИМЕЧАНИЯ
Текст примечания Описано по кор. грп.
327 1# - ПРИМЕЧАНИЯ О СОДЕРЖАНИИ
Текст примечания 1. Соната Ми бемоль мажор / И. Гайдн.
-- 2. Четыре прелюдии : Шаги на снегу; Прерванная серенада; Затонувший собор; Танец Пека / К. Дебюсси.
-- 3. Наваждение : соч. 4 № 4 / С. Прокофьев.
-- 4. Соната : (неоконченная) : До мажор / Ф. Шуберт ;
-- 5. Музыкальный момент : фа минор : соч. 94 № 3 / Ф. Шуберт ;
-- 6. Четыре лендлера / Ф. Шуберт ;
-- 7. Аллегретто : до минор / Ф. Шуберт
464 #0 - АНАЛИТИЧЕСКИЙ УРОВЕНЬ
Встроенное поле 2001#$aСоната Ми бемоль мажор$fИ. Гайдн
-- 6061#$aСонаты для фортепиано$yАвстрия$z18-19 вв.$jЗвукозапись$2nlr_sh$7ca
-- 6890#$aЩ954.2-041(4А)
-- 700#1$9z01790$aГайдн$bЙ.$gЙозеф$f1732-1809$4230$7ca
-- 790#1$9z01700$aHaydn$bF. J.$gFranz Joseph$f1732-1809$4230$7ba
Заглавие Соната Ми бемоль мажор
Автор Гайдн, Йозеф (1732-1809)
464 #0 - АНАЛИТИЧЕСКИЙ УРОВЕНЬ
Встроенное поле 2001#$aЧетыре прелюдии$eШаги на снегу; Прерванная серенада; Затонувший собор; Танец Пека$fК. Дебюсси
-- 50000$aПрелюдии (12)$iЗатонувший собор$iПрерванная серенада$iТанец Пека$iШаги на снегу$bЗвукозапись$rфортепиано$7ca
-- 6061#$aПрелюдии для фортепиано$yФранция$z20 в.$jЗвукозапись$2nlr_sh$7ca
-- 6890#$aЩ954.2-058.4(4Фр)я44
-- 700#1$9z01790$aДебюсси$bК.$gКлод$f1862-1918$4230$7ca
-- 790#1$9z01700$aDebussy$bC.$gClaude$f1862-1918$4230$7ba
Заглавие Четыре прелюдии
Автор Дебюсси, Клод (1862-1918)
464 #0 - АНАЛИТИЧЕСКИЙ УРОВЕНЬ
Встроенное поле 2001#$aНаваждение$eсоч. 4 № 4$fС. Прокофьев
-- 50000$aПьесы (4) для фортепиано$iНаваждение$bЗвукозапись$h№ 4$rфортепиано$sсоч. 4$7ca
-- 6061#$aПьесы для фортепиано$yСССР$z20 век$jЗвукозапись$2nlr_sh
-- 6890#$aЩ954.2-058(2)
-- 700#1$9z01790$aПрокофьев$bС. С.$gСергей Сергеевич$f1891-1953$cкомпозитор$3RU\NLR\AUTH\773397$4230$7ca
-- 790#1$9z01700$aProkof'ev$bS. S.$cкомпозитор$gSergej Sergeevič$f1891-1953$3RU\NLR\AUTH\770241956$4230$7ba
Заглавие Наваждение
Автор Прокофьев, Сергей Сергеевич (композитор ; 1891-1953)
464 #0 - АНАЛИТИЧЕСКИЙ УРОВЕНЬ
Встроенное поле 2001#$aСоната$e(неоконченная)$eДо мажор$fФ. Шуберт
-- 6061#$aСонаты для фортепиано$yАвстрия$z19 век$jЗвукозапись$2nlr_sh
-- 6890#$aЩ954.2-041(4А)
-- 700#1$9z01790$aШуберт$bФ.$gФранц$f1797-1828$4230$7ca
-- 790#1$9z01700$aSchubert$bF.$gFranz$f1797-1828$4230$7ba
Заглавие Соната
Автор Шуберт, Франц (1797-1828)
464 #0 - АНАЛИТИЧЕСКИЙ УРОВЕНЬ
Встроенное поле 2001#$aМузыкальный момент$eфа минор$eсоч. 94 № 3$fФ. Шуберт
-- 50000$aМузыкальные моменты (6)$bЗвукозапись$h№ 3$sсоч. 94$uфа минор$rфортепиано$7ca
-- 6061#$aПьесы для фортепиано$yАвстрия$z19 в.$jЗвукозапись$2nlr_sh
-- 6890#$aЩ954.2-058(4А)
-- 700#1$9z01790$aШуберт$bФ.$gФранц$f1797-1828$4230$7ca
-- 790#1$9z01700$aSchubert$bF.$gFranz$f1797-1828$4230$7ba
Заглавие Музыкальный момент
Автор Шуберт, Франц (1797-1828)
464 #0 - АНАЛИТИЧЕСКИЙ УРОВЕНЬ
Встроенное поле 2001#$aЧетыре лендлера$fФ. Шуберт
-- 6061#$aЛендлеры для фортепиано$yАвстрия$z19 в.$jЗвукозапись$2nlr_sh$7ca
-- 6890#$aЩ954.2-058.55(4А)я44
-- 700#1$9z01790$aШуберт$bФ.$gФранц$f1797-1828$4230$7ca
-- 790#1$9z01700$aSchubert$bF.$gFranz$f1797-1828$4230$7ba
Заглавие Четыре лендлера
Автор Шуберт, Франц (1797-1828)
464 #0 - АНАЛИТИЧЕСКИЙ УРОВЕНЬ
Встроенное поле 2001#$aАллегретто$eдо минор$fФ. Шуберт
-- 6061#$aАллегретто для фортепиано$yАвстрия$z19 в.$jЗвукозапись$2nlr_sh$7ca
-- 6890#$aЩ954.2-057(4А)
-- 700#1$9z01790$aШуберт$bФ.$gФранц$f1797-1828$4230$7ca
-- 790#1$9z01700$aSchubert$bF.$gFranz$f1797-1828$4230$7ba
Заглавие Аллегретто
Автор Шуберт, Франц (1797-1828)
606 1# - НАИМЕНОВАНИЕ ТЕМЫ КАК ПРЕДМЕТ
Наименование темы Пианисты советские
Хронологический подзаголовок 20 век
Формальный подзаголовок Звукозапись
Код системы nlr_sh
606 1# - НАИМЕНОВАНИЕ ТЕМЫ КАК ПРЕДМЕТ
Наименование темы Исполнительское искусство советское. Пианисты
Тематический подзаголовок звукозапись
Географический подзаголовок Россия
Хронологический подзаголовок 20 век
Формальный подзаголовок Звукозапись
Код системы nlr_sh
686 ## - ИНДЕКСЫ ДРУГИХ КЛАССИФИКАЦИЙ
Индекс Щ 954.2, 8(2)
700 #1 - ИМЯ ЛИЦА - ПЕРВИЧНАЯ ОТВЕТСТВЕННОСТЬ
Системный номер авторитетной/нормативной записи z01790
Начальный элемент ввода Рихтер
Часть имени, кроме начального элемента ввода С.Т.
Даты 1915-1997
Расширение инициалов личного имени Святослав Теофилович
Код отношения Музыкант
--
790 #1 - ИМЯ ЛИЦА - АЛЬТЕРНАТИВНАЯ ФОРМА
Системный номер авторитетной/нормативной записи z01700
Начальный элемент ввода Richter
Часть имени, кроме начального элемента ввода S.
Даты 1915-1997
Расширение инициалов личного имени Svjatoslav
Код отношения Музыкант
--
Графика поля Латинская
801 #0 - ИСТОЧНИК ЗАПИСИ
Страна Российская Федерация
Организация NLR
Дата составления 20220731
Правила каталогизации PSBO
801 #1 - ИСТОЧНИК ЗАПИСИ
Страна Российская Федерация
Организация NLR
Дата составления 20220731
Источник данных rusmarc
801 #2 - ИСТОЧНИК ЗАПИСИ
Страна Российская Федерация
Организация NLR
Дата составления 20241008
852 ## - МЕСТОНАХОЖДЕНИЕ И ШИФР ХРАНЕНИЯ
Идентификатор организации NLR
Наименование фонда или коллекции (Sub-Location Identifier) Мг
Шифр хранения (Call Number) 3/310(1-2)
Страна
Номер экземпляра 1
942 ## - ДОПОЛНИТЕЛЬНЫЕ ЭЛЕМЕНТЫ ЗАПИСИ (АБИС)
Тип экземпляра АБИС Звукозапись
980 ## - КОЛЛЕКЦИЯ
Название коллекции Национальная библиография
980 ## - КОЛЛЕКЦИЯ
Название коллекции Отдел нот и звукозаписей
Экземпляры
Тип экземпляра Дата поступления Библиотека постоянного хранения Библиотека текущего хранения Место хранения Шифр хранения Статус экземпляра
Звукозапись 31.07.2022 РНБ (Московский) РНБ (Московский) Фонд нот и звукозаписей 3/310(1-2) 3/310(1-2)